Cuentos chilenos para niños de 4to., 5to., 6to. años básicos
Saved in:
| Main Authors: | , |
|---|---|
| Format: | Bog |
| Sprog: | spansk |
| Udgivet: |
Santiago
Fondo Educación Moderno
1967
|
| Fag: | |
| Tags: |
Tilføj Tag
Ingen Tags, Vær først til at tagge denne postø!
|
MARC
| LEADER | 00000nam a2200000 a 4500 | ||
|---|---|---|---|
| 001 | UCW5952 | ||
| 003 | CL-VaPUC | ||
| 008 | 910903e19670000CL |||||||||||||||||spa|d | ||
| 082 | 0 | 4 | |a 372.64 |b SEP |2 21 |
| 100 | 0 | |a Sepúlveda Llanos, Fidel |e author |9 310985 | |
| 700 | 0 | |a Pereira L., Manuel |e author |9 310986 | |
| 245 | 1 | 0 | |a Cuentos chilenos para niños de 4to., 5to., 6to. años básicos |
| 300 | |a 289 p | ||
| 942 | |c BK | ||
| 945 | |d 19910903 00:00:00 | ||
| 260 | |a Santiago |b Fondo Educación Moderno |c 1967 | ||
| 650 | 7 | |a LIBROS DE LECTURA EDUCACION BASICA |2 CL-VaPUC |9 307959 | |
| 650 | 0 | |a Cuentos chilenos |9 308280 | |
| 583 | |a last modification |c 19910903 00:00:00 |k Rodrigo Vera | ||
| 999 | |c 219212 |d 219210 | ||
| 952 | |0 0 |1 0 |4 0 |6 372_640000000000000_SEP_1967 |7 0 |8 A |9 209851 |a BIBEDU |b BIBEDU |d 2019-11-15 |i 2777878 |o 372.64 SEP 1967 |p 2777878 |r 2019-11-15 |w 2019-11-15 |y BK |k LIT | ||